000 00526cab a2200217 4500
001 X877
008 090401t1989 xxu||||| |||| 00| 0 eng d
035 _a(Sirsi) u67983
041 _aeng
100 _aSavile, Peter
245 _aEstimating and buildability
260 _c1989
350 _a0
490 _aBuilding Technology & Management
_vApril/May 1989, 21(1)
650 _aBUILDABILITY
650 _aESTIMATING
650 _aPRELIMINARIES
690 _aBUILT ENVIRONMENT
942 _n0
948 _c04/03/1997
999 _c42610
_d42610